| 000 | 00684nmm a2200265 a 4500 | ||
|---|---|---|---|
| 003 | AR-BaBNM | ||
| 005 | 20251128211225.0 | ||
| 008 | 153020s1968 ||||||||||||||000 | spa|| | ||
| 040 | _cAR-BaBNM | ||
| 100 | 1 | _aChu, Valentin | |
| 245 | 1 | 0 |
_aThailand today _ba visit to modern Siam |
| 260 |
_aNew York _bThomas Y. Crowell _c1968 |
||
| 300 |
_a200 p. _blám., grab., map. |
||
| 504 | _aIncluye bibliografía al final del volumen | ||
| 650 | 4 | _aGEOGRAFIA FISICA | |
| 650 | 4 | _aGEOGRAFIA HUMANA | |
| 650 | 4 | _aHISTORIA | |
| 650 | 4 | _aRELIGION | |
| 650 | 4 | _aARTE ASIATICO | |
| 650 | 4 | _aECONOMIA | |
| 650 | 4 | _aGOBIERNO | |
| 651 | 4 | _aTailandia | |
| 942 | _cBK | ||
| 998 | _cLaura | ||
| 999 |
_c18797 _d18797 |
||